000 00835nam a2200253Ia 4500
003 OSt
005 20220930063718.0
006 a|||||r|||| 00| 0
007 ta
008 220926b |||||||| |||| 00| 0 eng d
024 _a3211
037 _cTheses
040 _aCRL
_cCRL
_beng
041 _2eng
_aeng
100 _aBhattacharjee Pijushpani
_9523397
110 _aUniversity of Delhi. Faculty of Science. Department of Physics and Astrophysics
_9519374
245 0 _aApplication of quantum chromodynamics to quark matter
260 _c1981
650 _aPHYSICS
700 _a Prof S N Biswas Supervisor
_9520052
700 _aUniversity of Delhi. Faculty of Science. Department of Physics and Astrophysics
_9519380
942 _cDIS
_2CC
999 _c857213
_d857213